Comparing democracies 3 : (Record no. 20991)

MARC details
000 -LEADER
fixed length control field 01028cam a22003135a 4500
001 - CONTROL NUMBER
control field 15921136
005 - DATE AND TIME OF LATEST TRANSACTION
control field 20151027145956.0
008 - FIXED-LENGTH DATA ELEMENTS--GENERAL INFORMATION
fixed length control field 090925s2010 enka frb 001 0 eng d
020 ## - INTERNATIONAL STANDARD BOOK NUMBER
International Standard Book Number 9781847875044 (pbk.)
035 ## - SYSTEM CONTROL NUMBER
System control number (OCoLC)ocn437083493
040 ## - CATALOGING SOURCE
Original cataloging agency UKM
Transcribing agency UKM
Modifying agency YDXCP
-- HLS
-- DLC
-- EG-ScBUE
Language of cataloging eng
082 04 - DEWEY DECIMAL CLASSIFICATION NUMBER
Classification number 324
Edition number 22
Item number COM
245 00 - TITLE STATEMENT
Title Comparing democracies 3 :
Remainder of title elections and voting in the 21st century /
Statement of responsibility, etc edited by Lawrence LeDuc, Richard G. Niemi, and Pippa Norris.
246 3# - VARYING FORM OF TITLE
Title proper/short title Comparing democracies three
260 ## - PUBLICATION, DISTRIBUTION, ETC. (IMPRINT)
Place of publication, distribution, etc London :
Name of publisher, distributor, etc SAGE,
Date of publication, distribution, etc 2010.
300 ## - PHYSICAL DESCRIPTION
Extent ix, 293 p. :
Other physical details ill. ;
Dimensions 24 cm.
500 ## - GENERAL NOTE
General note Includes indexes.
504 ## - BIBLIOGRAPHY, ETC. NOTE
Bibliography, etc Bibliography : p. [255]-285.
650 #0 - SUBJECT ADDED ENTRY--TOPICAL TERM
Topical term or geographic name as entry element Democracy.
Source of heading or term BUEsh
650 #0 - SUBJECT ADDED ENTRY--TOPICAL TERM
Topical term or geographic name as entry element Comparative government.
Source of heading or term BUEsh
650 #0 - SUBJECT ADDED ENTRY--TOPICAL TERM
Topical term or geographic name as entry element Elections.
Source of heading or term BUEsh
651 ## - SUBJECT ADDED ENTRY--GEOGRAPHIC NAME
Source of heading or term BUEsh
653 ## - INDEX TERM--UNCONTROLLED
Resource For college BAEPS, Political Science
Arrived date list October2015
655 ## - INDEX TERM--GENRE/FORM
Form subdivision Reading book
-- 34232
700 1# - ADDED ENTRY--PERSONAL NAME
Personal name LeDuc, Lawrence,
Relator term editor.
700 1# - ADDED ENTRY--PERSONAL NAME
Personal name Niemi, Richard G.,
Relator term editor.
700 1# - ADDED ENTRY--PERSONAL NAME
Personal name Norris, Pippa,
Relator term editor.
942 ## - ADDED ENTRY ELEMENTS (KOHA)
Source of classification or shelving scheme Dewey Decimal Classification
Holdings
Withdrawn status Item status Source of classification or shelving scheme Damaged status Not for loan Vendor Home library Current library Shelving location Date acquired Source of acquisition Total Checkouts Total Renewals Full call number Barcode Date last seen Date last borrowed Koha item type
    Dewey Decimal Classification     Baccah Central Library Central Library First floor 26/10/2015 Purchase 3 17 324 COM 000031196 15/07/2025 10/03/2019 Book - Borrowing